000 00445nam a22001817a 4500
005 20260402121946.0
008 260402b |||||||| |||| 00| 0 eng d
020 _a9788187197775
041 _aEnglish
082 _a346.040
100 _aSingh, Bhuvneshwar
245 _aLaw of Adverse Possession
250 _a1st
260 _aNew Delhi :
_b Orient Publishing Company,
_c2013.
300 _a856 p
650 _bPossession
942 _cDB
999 _c9586
_d9586